One-Word Movies (2012) Quiz Stats

 Plays Quiz Updated Jan 6, 2013

Challenge
Share
Tweet
Embed
Score 0/24 Timer 05:00
0 Plays Today
Tagline Movie % Correct
The first motion picture from the creator of Family GuyTed
80.3%
A Steven Spielberg filmLincoln
68.4%
The battle for earth begins at seaBattleship
65.8%
Think on your sinsSkyfall
61.9%
The movie was fake. The mission was real.Argo
61.5%
Face your future. Fight your past.Looper
55.2%
They went looking for our beginning. What they found could be our endPrometheus
45.4%
From the director of Forrest Gump and Cast AwayFlight
43.1%
Change your fateBrave
38.5%
From the director of Alice in WonderlandFrankenweenie
38.1%
This summer, love gets savageSavages
28%
When the law became corrupt, outlaws became heroes. Lawless
27%
Tagline Movie % Correct
Judgment is coming Dredd
26.4%
What would you hide to protect your family?Contraband
23.7%
It's all fun and games until someone raises the deadParaNorman
21.2%
Celebrate the legendSparkle
17.5%
Leave your baggage behindWanderlust
15.8%
She has the code. He is the key.Safe
12.4%
Once you see him, nothing can save youSinister
12.1%
For Oscar, every day is an adventure. Chimpanzee
11%
No one believes her. Nothing will stop her.Gone
10.6%
Take no prisonersLockout
9.7%
They left her no choiceHaywire
9.6%
Not all heroes are superChronicle
8.2%

You're not logged in!

Compare scores with friends on all Sporcle quizzes.
OR
Log In

You Might Also Like...

Show Comments

Extras

Top Quizzes Today


Score Distribution

Your Account Isn't Verified!

In order to create a playlist on Sporcle, you need to verify the email address you used during registration. Go to your Sporcle Settings to finish the process.

Report this User

Report this user for behavior that violates our Community Guidelines.

Details: